00436nam a2200169Ia 450000000250000000300040002500600190002900700140004800800410006204000080010310000140011124500210012526000060014694200070015295200900015999900170024900746ngmaa2200277 a 4500RNLg||||fr|||| a0| fzhj bfb|||baap090707b ii f a fnsan d aeng aKrantipal aStories of Manto c0 cBK 00102ddc40708PunaRNLbRNLcGENd2018-10-02l0p58580r2018-10-02w2018-10-02yBK c26272d26272